00574nam a2200181Ia 4500003000400000005001700004008004100021040000700062041001200069082001900081100004700100245013900147260004000286300001100326365001200337650002000349650002300369OSt20231010151400.0210719s2020 xx 000 0 und d cAL aKonkani a891.46301 PINK aPINTO (Stivan); PINTO (STEPHEN);KUNTALPADY aKombo ani zaj: motvyon kaniyobಕೊಂಬೊ ಆನಿ ಝಜ್ : ಮೋಟ್ವ್ಯೋ ಕಾಣಿಯೊ  aMangalurubAshavadi Prakashanc2020 a76bPB b150cRs aKonkani Fiction aKonkani Literature